000 00679nam a22002057a 4500
003 BD-DhJNU
005 20250825055756.0
008 241211b |||||||| |||| 00| 0 eng d
020 _a9840515012
040 _aBD-DhJNU
_beng
_cBD-DhJNU
_dBD-DhJNU
082 _223
_a338.04 QUE
100 _aQuddus, Munir
245 _aEntrepreneurs and economic development :
_bthe remarkable story of garment exports from Bangladesh /
_cMunir Quddus, Salim Rashid
260 _aDhaka :
_bThe University Press Limited,
_c2000.
300 _axx, 250 p. :
_bill. ;
_c22 cm.
504 _aincludes index
650 _a Entrepreneurship in Bangladesh
700 _aRashid, Salim
942 _2ddc
_cBK
_n0
999 _c994
_d994